logo

Bir Sreshtho Munshi Abdur Rouf Library
Jhenaidah Cadet College

Advanced structured COBOL / (Record no. 5545)

MARC details
000 -LEADER
fixed length control field 00832nam a22002771a 4500
001 - CONTROL NUMBER
JCCL Control Number 5545
003 - CONTROL NUMBER IDENTIFIER
JCCL marc code BD-JhCC
005 - DATE AND TIME OF LATEST TRANSACTION
control field 20171217195816.0
008 - FIXED-LENGTH DATA ELEMENTS--GENERAL INFORMATION
fixed length control field 950420s1985 us a 001 0 eng d
020 ## - INTERNATIONAL STANDARD BOOK NUMBER
International Standard Book Number 0024242500
035 ## - SYSTEM CONTROL NUMBER
system control number (BD-JhCC)5545
040 ## - CATALOGING SOURCE
Original cataloging agency BD-JhCC
Modifying agency BD-JhCC
041 ## - LANGUAGE CODE
Language code of Book eng
050 #0 - LIBRARY OF CONGRESS CALL NUMBER
Classification number QA76.73.C25 W35 1985
082 ## - DEWEY DECIMAL CLASSIFICATION NUMBER
Classification number 001.6424
Author mark and Year WAL 1985
100 1# - MAIN ENTRY--PERSONAL NAME
Personal name Walstrom, John A. J.
245 10 - TITLE STATEMENT
Title Advanced structured COBOL /
Statement of responsibility, etc John A.J. Walstrom, Marguerite K. Summers, Tate F. Lindahl
260 ## - PUBLICATION, DISTRIBUTION, ETC. (IMPRINT)
Place of publication, distribution, etc New York :
Name of publisher, distributor, etc Macmillan ;
Place of publication, distribution, etc London :
Name of publisher, distributor, etc Collier Macmillan,
Date of publication, distribution, etc c1985
300 ## - PHYSICAL DESCRIPTION
Pagination xiii, 364 p :
Other physical details ill ;
Dimensions 28 cm
504 ## - BIBLIOGRAPHY, ETC. NOTE
Bibliography, etc Includes index
650 #0 - SUBJECT ADDED ENTRY--TOPICAL TERM
Topical term or geographic name as entry element COBOL (Computer program language)
650 #0 - SUBJECT ADDED ENTRY--TOPICAL TERM
Topical term or geographic name as entry element Structured programming
700 1# - ADDED ENTRY--PERSONAL NAME
Personal name Lindahl, Tate F.
700 1# - ADDED ENTRY--PERSONAL NAME
Personal name Summers, Marguerite K.
942 ## - ADDED ENTRY ELEMENTS (KOHA)
Source of classification or shelving scheme Dewey Decimal Classification
Koha item type Books
Holdings
Source of classification or shelving scheme Damaged status Not for loan Home library Current library Shelving location Date of accession Source of acquisition Total Checkouts Full call number Barcode Date last seen Copy number Koha item type
Dewey Decimal Classification     JCC Rouf Library JCC Rouf Library General Stacks 12/17/2017 The Asia Foundation   001.6424 WAL 1985 7664 12/17/2017 C-1 Books

JCC Library | Contacts | JCC Home

Last Update on 23 September 2017
Copyright @ 2017-2020 JCC Rouf Library
Rouf Library, Jhenidah Cadet College (JCC), Bangladesh